000 00865nam a2200253 4500
003 OSt
005 20240730063143.0
006 a
008 240730b |||||||| |||| 00| 0 eng d
020 _a9781591589006
040 _aDWCL-Main lib.
_cOC
082 _aRes. 025.042 S314t 2010
100 _aScheeren, William
245 _aTechnology for the school librarian : theory and practice /
260 _aSanta Barbara, Calif. :
_bLibraries Unlimited,
_cc2010.
300 _axii,
_b223 p. ;
_c26 cm.
504 _aIncludes bibliographical references technology.
650 _a1. School libraries-Information technology.
650 _a2. Internet in school libraries.
650 _a3. Library web sites.
650 _a4. Digital libraries.
650 _a5. Libraries-special collections-Computer network resources.
942 _2ddc
_n0
_cBK-0 CIRC
_kRes.
999 _c2968
_d2968